Normal view
MARC view
- Norliza Abu Bakar,
Entry Personal Name
001 - CONTROL NUMBER
- control field: 8936
003 - CONTROL NUMBER IDENTIFIER
- control field: OSt
005 - DATE AND TIME OF LATEST TRANSACTION
- control field: 20170726122515.0
008 - FIXED-LENGTH DATA ELEMENTS
- fixed length control field: 170726|| aca||aabn | a|a d
040 ## - CATALOGING SOURCE
- Original cataloging agency: OSt
- Transcribing agency: OSt
100 ## - HEADING--PERSONAL NAME
- Personal name: Norliza Abu Bakar,
- Relator term: translator.
670 ## - SOURCE DATA FOUND
- Source citation: Work cat.: (OSt)0: Dobelli, Rolf, 1966- author. 8933, The Art of Thinking Clearly /

PORTAL AKMAL
E-MEL JKDM
AKMAL2U
G-BAM
u-PUSTAKA